Carregando...

Journal of Biological Chemistry, Vol.102

Detalhes bibliográficos
Autor principal: Anderson, Rudolph J, Ed., et al
Formato: Continuing Resources
Idioma:Undetermined
Publicado em: Baltimore : Waverley Press, 1933
Assuntos:
LEADER 00530nam a2200145Ia 4500
008 200122s9999||||xx |||||||||||||| ||und||
080 |a JBC-102  |b 1933 
100 |a Anderson, Rudolph J, Ed., et al. 
245 0 |a Journal of Biological Chemistry, Vol.102 
260 |a  Baltimore :  |b Waverley Press,  |c 1933 
300 |a 798 p. 
650 |a Journal of Biological Chemistry 
942 |c REF 
999 |c 261560  |d 261560 
952 |0 0  |1 0  |4 0  |6 JBC_102_1933_000000000000000  |7 0  |9 277768  |a BCH  |b BCH  |h  Vol.102  |l 0  |o JBC-102 1933  |p BCHJ0035  |r 2020-01-24  |w 2020-01-24  |y CR